L'amore e la sessualità /
Enregistré dans:
| Autres auteurs: | |
|---|---|
| Format: | Livre |
| Langue: | italien |
| Publié: |
Bari :
Dedalo,
1986
|
| Collection: | Storia e civiltà ;
17 |
| Sujets: | |
| Tags: |
Pas de tags, Soyez le premier à ajouter un tag!
|
MARC
| LEADER | 00000nam a2200000 i 4500 | ||
|---|---|---|---|
| 001 | IT\ICCU\CFI\0021886 | ||
| 003 | ItRI | ||
| 005 | 20260115232438.0 | ||
| 008 | 861213s1986 it |||||| ||||| |||||c | ||
| 015 | |2 IT |a 87-5929 | ||
| 020 | |a 8822005171 | ||
| 040 | |b ita |c importazione bologna sebina | ||
| 041 | 7 | |a ita |2 ISO-639-2 | |
| 082 | |a 306.709 |9 ISTITUZIONI ATTINENTI ALLE RELAZIONI TRA I SESSI. TRATTAMENTO STORICO E GEOGRAFICO |2 19 | ||
| 130 | 2 | |a L'amour et la sexualité. - |3 IT\ICCU\CFI\0032486 | |
| 245 | 0 | 2 | |a L'amore e la sessualità / |c a cura di Georges Duby. |
| 260 | |a Bari : |b Dedalo, |c 1986 | ||
| 300 | |a 415 p. : |b ill. ; |c 21 cm | ||
| 500 | |a Trad. di Raffaele Licinio, Corrado Petrocelli. | ||
| 500 | |a <in italiano> |0 IT\ICCU\CFI\0032486 | ||
| 650 | 7 | |a Erotismo |x Storia |2 scbi | |
| 650 | 7 | |a Costumi sessuali |x Storia | |
| 700 | 1 | |a Duby, Georges, |d (1919-1996) |0 IT\ICCU\CFIV\005379 | |
| 830 | 0 | |a Storia e civiltà ; |v 17 |0 IT\ICCU\CFI\0020910 | |
| 942 | |2 ddc |c BK |n 0 | ||
| 952 | |0 0 |1 0 |4 0 |6 DOC_306_709000000000000_DUB |7 0 |9 25900 |a BO |b BO |d 2026-01-15 |i 1751 |l 0 |o DOC 306.709 DUB |p BO1751 |r 2026-01-15 23:24:38 |w 2026-01-15 |x [Sebina 5] [1 v. (2. copia)] |y BK |z 1 v. (2. copia) | ||
| 952 | |0 0 |1 0 |4 0 |6 DOC_306_709000000000000_DUB |7 0 |9 25901 |a BO |b BO |d 2026-01-15 |i 6623 |l 0 |o DOC 306.709 DUB |p BO6623 |r 2026-01-15 23:24:38 |w 2026-01-15 |x [Sebina 5] [1 v.] |y BK |z 1 v. | ||
| 999 | |c 21945 |d 21945 | ||